000 00440nam a2200169Ia 4500
005 20241004092423.0
008 240126s9999 xx 000 0 und d
020 _a9789352029907
082 _a658.16 SIN;1 R
100 _aSinha, Pradip Kumar.
245 0 _aMergers, acquisitions, and corporate restructurings
250 _a1st ed.
260 _bHimalaya Pubishing House
_aMumbai
300 _a411
440 _aNULL
942 _cPU
999 _c290366
_d290366